Normal view
MARC view
- مسعد، أحلام واصف
Entry Personal Name
001 - CONTROL NUMBER
- control field: 39725
003 - CONTROL NUMBER IDENTIFIER
- control field: JO-AjAnu
005 - DATE AND TIME OF LATEST TRANSACTION
- control field: 20230606080614.0
008 - FIXED-LENGTH DATA ELEMENTS
- fixed length control field: 230606|| aca||aabn | a|a d
040 ## - CATALOGING SOURCE
- Original cataloging agency: JO-AjAnu
- Transcribing agency: JO-AjAnu
100 ## - HEADING--PERSONAL NAME
- Personal name: مسعد، أحلام واصف
670 ## - SOURCE DATA FOUND
- Source citation: Work cat.: (JO-AjAnu)20370: مسعد، أحلام واصف, author, مرايا الأب والسلطة: قراءة سوسيوثقافية في السيرة الذاتية العربية المعاصرة